Word Ladder: Unstable Table II Quiz Stats

 Plays Quiz not verified by Sporcle

Score 0/52 Timer 07:00
0 Plays Today
Clue 4-Letter Word % Correct
Canine noiseBARK
96.4%
Italian carFIAT
92.9%
Baby powderTALC
92.9%
Heifer's homeBARN
89.3%
Clenched handFIST
89.3%
By mouthORAL
89.3%
The break of dayDAWN
85.7%
To repair socksDARN
85.7%
Pitcher no-noBALK
85.7%
Popular Indonesian tourist islandBALI
85.7%
With '-ium', #3☣ LITH- ☣
85.7%
British apartmentFLAT
85.7%
Ocean Spray juice flavor: ____-appleCRAN
85.7%
Fibrous grain productBRAN
85.7%
'Cactus Flower' costar GoldieHAWN
82.1%
Colombian city or slangy US stateCALI
82.1%
With '-ium', #20☣ CALC- ☣
82.1%
SeabirdGULL
82.1%
Ship's bodyHULL
82.1%
Round, open pastryFLAN
82.1%
Tribe or Scottish familyCLAN
82.1%
Algerian port cityORAN
82.1%
Irish novelist StokerBRAM
82.1%
Type of sphere or danceBALL
82.1%
Type of hoopHULA
78.6%
Way through the woodsPATH
78.6%
Clue 4-Letter Word % Correct
Used to denote 'healthier' foodsLITE
78.6%
Upper undergarmentsBRAS
78.6%
WithoutSANS
75%
'Thirty days ____ September...'HATH
75%
An explorer's helmetPITH
75%
Bedbug or tickMITE
75%
With '-ium', #92☣ URAN- ☣
75%
Russian mountains and riverURAL
75%
Barnyard bleatsBAAS
75%
False Canaanite deityBAAL
75%
Healing ointmentBALM
75%
Like Paul Bunyan or his taleTALL
71.4%
With '-ium', #31☣ GALL- ☣
71.4%
Atomizer outputMIST
71.4%
'____ en place' ou '____-en-scène'?MISE
71.4%
Elliot of 'The Mamas & the Papas'CASS
67.9%
PlacidCALM
67.9%
Toni Morrison novel; Indonesian island ____wesiSULA
60.7%
Yemeni capital (alt. spelling)SANA
60.7%
With '-ium', #108☣ HASS- ☣
60.7%
Precedes 'brown', 'mark', or 'out'HASH
60.7%
Subdivision of a 'casa'SALA
57.1%
With '-ium', #72☣ HAFN- ☣
50%
With '-ium', #48☣ CADM- ☣
50%
Envelopes that already have the sender's nameSAES
42.9%
With '-ium', #55 (UK spelling)☣ CAES- ☣
42.9%

You're not logged in!

Compare scores with friends on all Sporcle quizzes.
OR
Log In

Show Comments

Extras

Top Quizzes Today


Score Distribution

Your Account Isn't Verified!

In order to create a playlist on Sporcle, you need to verify the email address you used during registration. Go to your Sporcle Settings to finish the process.

Report this User

Report this user for behavior that violates our Community Guidelines.

Details: